KOHA-Header-6

Differential Equations (Record no. 2019)

000 -LEADER
fixed length control field 00279nam a2200121Ia 4500
008 - FIXED-LENGTH DATA ELEMENTS--GENERAL INFORMATION
fixed length control field 190723s9999 xx 000 0 und d
100 ## - MAIN ENTRY--PERSONAL NAME
Personal name Dennis G. Zill
245 #0 - TITLE STATEMENT
Title Differential Equations
250 ## - EDITION STATEMENT
Edition statement 8th
260 ## - PUBLICATION, DISTRIBUTION, ETC. (IMPRINT)
Place of publication, distribution, etc New York
Name of publisher, distributor, etc Barron's
Date of publication, distribution, etc 2017
300 ## - PHYSICAL DESCRIPTION
Extent 600:p
942 ## - ADDED ENTRY ELEMENTS (KOHA)
Koha item type Books
Holdings
Withdrawn status Lost status Source of classification or shelving scheme Damaged status Not for loan Collection code Permanent Location Current Location Shelving location Date acquired Total Checkouts Total Renewals Full call number Barcode Date last seen Date checked out Price effective from Koha item type
          Mathematics MAJU MAJU Shelf No.A26 2019-07-23 16 8 515.35 8642 2024-07-18 2024-06-03 2019-07-23 Mathematics

Powered by Koha